我读《孟子》 (Record no. 30308)

000 -LEADER
fixed length control field 00481nam a22001937a 4500
003 - CONTROL NUMBER IDENTIFIER
control field MPLRDC
005 - DATE AND TIME OF LATEST TRANSACTION
control field 20220104142354.0
008 - FIXED-LENGTH DATA ELEMENTS--GENERAL INFORMATION
fixed length control field 210129b ||||| |||| 00| 0 eng d
020 ## - INTERNATIONAL STANDARD BOOK NUMBER
International Standard Book Number 978-7-5640-3778-9
082 ## - DEWEY DECIMAL CLASSIFICATION NUMBER
Classification number 121.26 FPR c.2
100 ## - MAIN ENTRY--PERSONAL NAME
Personal name 傅佩荣
245 ## - TITLE STATEMENT
Title 我读《孟子》
Statement of responsibility, etc.
250 ## - EDITION STATEMENT
Edition statement 一版一刷
260 ## - PUBLICATION, DISTRIBUTION, ETC.
Place of publication, distribution, etc. 中国
Name of publisher, distributor, etc. 北京理工大学出版社
Date of publication, distribution, etc. 2011
300 ## - PHYSICAL DESCRIPTION
Other physical details 424
490 ## - SERIES STATEMENT
Series statement 傅佩荣文集
650 ## - SUBJECT ADDED ENTRY--TOPICAL TERM
Topical term or geographic name entry element 孟子
942 ## - ADDED ENTRY ELEMENTS (KOHA)
Koha item type New Book
-- 121.26 FPR c.2
Holdings
Withdrawn status Lost status Source of classification or shelving scheme Damaged status Not for loan Collection code Home library Current library Shelving location Date acquired Cost, normal purchase price Total Checkouts Full call number Barcode Date last seen Date last checked out Price effective from Koha item type Public note
            Malaysian Public Library, Research and Development Centre Malaysian Public Library, Research and Development Centre   10/12/2007 29.00   121.26 FPR c.2 00030381 18/03/2021 14/06/2014 18/03/2021 Book mplrdc

© 2022. Malaysian Public Library, Research and Development Centre. All Right ReservedE-mailmplrdc@help.edu.my 

Powered by Koha